000 00542nam a2200229 454500
001 048617
003 BD-ChCU
005 20260118090306.0
008 260118 Eng
020 _ax
040 _aDLC
_cDLC
_dBD-ChCU
082 0 0 _a370.1/BRM
100 1 _aBrubacher, John S.
_bx
245 1 0 _aModern philosophies of education
_bx
250 _a4ed
260 _aBombay:
_btata McGraw - Hill,
_c1962
300 _aix, 393p
504 _ax
650 0 _aEducation- Philosophy
_bEducation- Philosophy
700 1 _ax
942 _2ddc
_cBK
_n0
999 _c111098
_d111098